| 000 | 00735nam a22002297a 4500 | ||
|---|---|---|---|
| 999 |
_c14622 _d14622 |
||
| 003 | AR-CdUCM | ||
| 008 | 190424b ||||| |||| 00| 0 spa d | ||
| 020 | _a978-607-21-0250-7 | ||
| 040 |
_aMUNICIPALIDAD PROVINCIAL DEL CUSCO _cBIBLIOTECA MUNICIPAL DEL CUSCO |
||
| 041 | _hfr | ||
| 082 |
_aPI / 376.1 / _bG91 |
||
| 100 |
_aGuibert, Francoise de _933475 |
||
| 245 |
_aMi pequeña enciclopedia : _bLos piratas / |
||
| 260 |
_aMéxico : _bLarousse, _c2005. |
||
| 300 |
_a32 páginas ; _bIlustraciones, _c18 cm. |
||
| 650 |
_aEnciclopedia para niños _933476 |
||
| 650 |
_aTesoro del pirata _933477 |
||
| 650 |
_aInfantil _96210 |
||
| 700 |
_aDelafon, Marie (ilustraciones) _933478 |
||
| 942 |
_2ddc _cLIBROS |
||
| 945 |
_adavv _d24/04/2019 |
||